• 首页
  • 本馆介绍
  • 公告通知
  • 最新文献
  • 馆藏检索
  • 电子资源
  • 读者导购
  • 参考咨询
  • 我的图书馆
  • 登录
  • 详细信息显示
  • 放入我的书架
  • 预约/预借图书
  • 作者相关作品
  • 分类相关作品
  • 丛书相关作品
  • 出版社相关作品

书目信息

  • 表格格式
  • 工作单格式
  • 卡片格式
题名:
西方雕塑艺术金库
    
 
作者: 欧阳英 著
分册:  
出版信息: 北京   中国青年出版社  1999
页数: 271页
开本: 16开
丛书名: 西方艺术金库丛书
单 册:
中图分类: J305.5
科图分类:
主题词: 雕塑--作品--鉴赏--西方国家
电子资源:
ISBN: 7-5006-3522-2
000 00636nam0 2200217 45
001 0210220984
005 20031219104058.8
010    @a7-5006-3522-2@dCNY38.00
100    @a20021022d1999 km y0chiy0120 ea
101 0  @achi
105    @aa z 000yy
200 1  @a西方雕塑艺术金库@AXi Fang Diao Su Yi Shu Jin Ku@f欧阳英著@FOu Yang Ying Zhu
210    @a北京@c中国青年出版社@d1999
215    @a271页@c彩图@d16开
225    @a西方艺术金库丛书
410    @12001 @a西方艺术金库丛书
606 0  @a雕塑@x作品@x鉴赏@y西方国家
690    @aJ305.5@v4
701    @a欧阳英@4著
801    @aCN@bTSTC@c20021022
905    @b315935-937@dJ305.5@e11@f3
    
    西方雕塑艺术金库/欧阳英著.-北京:中国青年出版社,1999
    271页:彩图;16开.-(西方艺术金库丛书)
    
    
    ISBN 7-5006-3522-2:CNY38.00
    
●
相关链接 在E读中查询图书 在五车中查询图书 在当当中查询图书 在豆瓣中查询图书


正题名:西方雕塑艺术金库     索取号:J305.5/11         预约/预借

序号 登录号 条形码 馆藏地/架位号 状态 备注
1 0315935   203159358   第一借阅区/ [索取号:J305.5/11] 在馆    
2 0315936   203159367   第一借阅区/ [索取号:J305.5/11] 在馆    
3 0315937   203159376   第一样本阅览室/ [索取号:J305.5/11] 在馆    
唐山师范学院图书馆 欢迎您!
大连网信软件有限公司© 版权所有